| 000 | 01378nam a2200313 i 4500 | ||
|---|---|---|---|
| 003 | DO-SdBNP | ||
| 005 | 20240521094051.0 | ||
| 006 | a||||br|||| 00| 0 | ||
| 007 | ta | ||
| 008 | 231023e2001 dr a|||| |||| 00| 0 spa d | ||
| 040 |
_aDO-SdBNP _bspa _cBNPHU _erda |
||
| 082 | 4 |
_222 _bH556v |
|
| 100 | 1 |
_aHernández Tejada, Margarita _950027 _eautora |
|
| 245 | 1 | 0 |
_aValores y civismo 6to. grado / _cMargarita Hernández Tejada, José Miguel Simón Consuegra; ilustración de Werner Olmos, Julio César Martínez |
| 246 | 1 | 4 |
_aValores y civismo 6to. grado: _beducación moral y cívica. |
| 264 |
_aSanto Domingo : _bSusaeta, _c2000 |
||
| 300 |
_a152 páginas : _bIlustraciones ; _c27 cm |
||
| 336 |
_2rdacontent _atexto _btxt |
||
| 337 |
_2rdamedia _asin mediación _bn |
||
| 338 |
_2rdacarrier _avolumen _bnc |
||
| 505 |
_aÍndice.-- Presentación. _gUnidad I. _tLa familia y la sociedad.-- _gUnidad II. _tImportancia de la convivencia.-- _gUnidad III. _tLa comunidad.-- _gUnidad IV. _tLa nación dominicana.-- _gUnidad V _tEl gobierno dominicano. |
||
| 590 | _aInventariado 2023 / MF | ||
| 650 | 4 |
_aEducación primaria _91420 |
|
| 650 | 4 |
_aEducación Cívica _zRepública Dominicana _977502 |
|
| 700 | 1 |
_aSimón Consuegra, José Miguel, _d1943- _937971 _eautor |
|
| 700 | 1 |
_aOlmos, Werner, _949236 _eilustrador |
|
| 700 | 1 |
_aMartínez, Julio César, _91263 _eilustrador |
|
| 942 |
_2ddc _cLBS1 |
||
| 999 |
_c55244 _d55244 |
||